Music Quiz

Random Music or Clickable Quiz
Score 0/50 Timer 10:00
0 Plays Today
% Correct
Beautiful Day
98.6%
I Still Haven't Found What I'm Looking For
97.7%
Pride (In The Name Of Love)
97.3%
Sunday Bloody Sunday
96.8%
With Or Without You
96.3%
Where The Streets Have No Name
96.2%
Mysterious Ways
95.9%
New Year's Day
95.3%
Desire
95%
One
94.9%
Vertigo
94.9%
Elevation
94.4%
Sweetest Thing
93.7%
Bullet The Blue Sky
93.7%
I Will Follow
93.5%
Stuck In A Moment You Can't Get Out Of
93.5%
City Of Blinding Lights
91.3%
Discotheque
89.9%
Walk On
89.7%
Sometimes You Can't Make It On Your Own
88.7%
The Fly
88.5%
Zooropa
88.4%
Until The End Of The World
87.5%
Miss Sarajevo
87.2%
Gloria
86.8%
% Correct
Ultra Violet (Light My Way)
86.5%
Bad
86.5%
The Saints Are Coming (with Green Day)
86%
Love Is Blindness
85.1%
A Sort Of Homecoming
84.5%
Mothers Of The Disappeared
83.6%
Zoo Station
83.6%
Lemon
81.6%
Acrobat
80%
Numb
79.5%
Magnificent
79%
In A Little While
76.7%
Yahweh
76.3%
Grace
75.8%
An Cat Dubh
75.5%
The Electric Co.
75.2%
Original of the Species
73.7%
New York
71.8%
Drowning Man
68%
Window In The Skies
67.3%
Gone
67.2%
A Day Without Me
66.4%
Into The Heart
65.4%
One Step Closer
59.3%
White As Snow
57.3%
Remove Ads.
Support Sporcle.
Get the best of Sporcle when you Go Orange. This ad-free experience offers more features, more stats, and more fun while also helping to support Sporcle. Thank you for becoming a member.

You're not logged in!

Compare scores with friends on all Sporcle quizzes.
OR
Log In

Show Comments

Extras

Created Nov 12, 2013ReportNominate
Tags:Clickable Quiz, Song Quiz

Top Quizzes Today


Score Distribution

Your Account Isn't Verified!

In order to create a playlist on Sporcle, you need to verify the email address you used during registration. Go to your Sporcle Settings to finish the process.

Report this User

Report this user for behavior that violates our Community Guidelines.

Details: